000 00478nam a2200181Ia 4500
003 GCL
008 140319s9999 xx 000 0 eng d
040 _aGCL /
_cGCL
082 0 4 _a940
_bP E
100 1 _aPEARSON, RAYMOND
245 1 0 _aEUROPEAN NATIONALISM 1789 - 1920 /
_cPEARSON, RAYMOND
260 _a[S.N] :
_bLONGMAN ،
_c1993
300 _a336 P
650 0 4 _aEUROPE - HISTORY
650 0 4 _aNATIONALISM
650 0 4 _aEUROPE POLITICS AND GOVERNMENT
942 _2ddc
_cBK
999 _c17642
_d17642